Sports Quiz

Random Sports or Football Quiz
Score 0/50 Timer 09:00
0 Plays Today
Confederation Nation % Correct
CONMEBOLBrazil
100%
CONMEBOLArgentina
99%
UEFAGermany
98.4%
CONMEBOLChile
96.5%
UEFASpain
96.1%
UEFAFrance
95.5%
UEFAPortugal
95.5%
UEFAItaly
94.5%
CONCACAFUnited States
94.2%
UEFAEngland
93.9%
CONCACAFMexico
92.9%
UEFANetherlands
92.6%
CONMEBOLColombia
92.3%
CONMEBOLUruguay
92%
UEFASweden
91.6%
UEFABelgium
91.3%
UEFASwitzerland
88.1%
UEFARepublic of Ireland
88.1%
UEFAWales
87.1%
AFCJapan
87.1%
UEFAPoland
86.5%
CONMEBOLPeru
83.9%
AFCAustralia
83.9%
UEFAAustria
83.6%
UEFACroatia
83.3%
Confederation Nation % Correct
AFCKorea Republic
81.7%
CAFEgypt
80.7%
CONMEBOLParaguay
80.7%
UEFASlovakia
80.1%
CAFNigeria
80.1%
UEFATurkey
79.7%
UEFAGreece
79.4%
CAFIvory Coast
77.8%
CAFGhana
77.2%
UEFAIceland
76.8%
UEFAUkraine
76.8%
CONMEBOLEcuador
76.5%
UEFASerbia
75.6%
CAFCameroon
74.6%
CONCACAFCosta Rica
74.3%
UEFACzech Republic
72%
AFCIran
71.7%
UEFARomania
71.7%
UEFAHungary
71.4%
UEFANorthern Ireland
70.4%
UEFABosnia and Herzegovina
64.3%
CAFSenegal
64%
CAFTunisia
57.6%
CAFBurkina Faso
30.9%
CAFCongo DR
12.2%

You're not logged in!

Compare scores with friends on all Sporcle quizzes.
OR
Log In

Sporcle TV

Today on Sporcle TV


Watch our educational content, quiz creation guides, and fun videos on Sporcle TV.

Show Comments

Extras

Top Quizzes Today


Score Distribution

Paid Content

Your Account Isn't Verified!

In order to create a playlist on Sporcle, you need to verify the email address you used during registration. Go to your Sporcle Settings to finish the process.

Report this User

Report this user for behavior that violates our Community Guidelines.

Details: